| 000 | 00711nam a2200205Ia 4500 | ||
|---|---|---|---|
| 999 |
_c36177 _d36177 |
||
| 001 | 2079 | ||
| 003 | GE_BSU | ||
| 005 | 20221020143106.0 | ||
| 008 | 181216s1983ru xx |||||||||||||| ||rus|| | ||
| 040 | _cGE_BSU | ||
| 050 | _arus | ||
| 080 | _a1 Л-42 | ||
| 100 |
_aЛейбниц, Гитфридвильгельм. _915388 |
||
| 245 |
_aСочинения в 4-х томах. _bт.2: / _cЛейбниц Гитфридвильгельм, Ред. тома И.С Нарский |
||
| 264 |
_aМосква : _bМысль, _c1983. |
||
| 300 |
_a686 стр. : _b20 см. |
||
| 653 | _aСочинения в 4-х томах | ||
| 700 |
_aНарский, И.С. _eრედაქტორი _915389 |
||
| 942 |
_cBK _2udc |
||